Управление режимами нормальной работы и выбор основных параметров устройств дальних электропередач переменного тока с промежуточными энергосистемами; Программированое управление и построение объединений электроэнергетических систем с дальними электропередачами переменного тока: Отчет о НИР

Podrobná bibliografie
Korporativní autor: Томский политехнический институт (ТПИ) (595)
Další autoři: Борисов Р. И. (руководитель)
Jazyk:ruština
Vydáno: Томск, 1971
Témata:
Médium: MixedMaterials Kniha
KOHA link:https://koha.lib.tpu.ru/cgi-bin/koha/opac-detail.pl?biblionumber=176724

MARC

LEADER 00000nbm0a2200000 4500
001 176724
005 20231031165354.0
029 0 0 |a SU  |b 71073552  |f ТПУ 
035 |a (RuTPU)RU\TPU\book\191616 
035 |a RU\TPU\book\182517 
090 |a 176724 
100 |a 20100304d1971 k y0rusy50 ca 
101 0 |a rus 
102 |a RU 
105 |a a p 001zy 
200 1 |a Управление режимами нормальной работы и выбор основных параметров устройств дальних электропередач переменного тока с промежуточными энергосистемами   |a Программированое управление и построение объединений электроэнергетических систем с дальними электропередачами переменного тока  |e Отчет о НИР  |f Томский политехнический институт (ТПИ) ; руководитель Р. И. Борисов 
210 |a Томск  |d 1971 
215 |a 114 л. 
320 |a Библиогр.: с. 111-112. 
610 1 |a отчеты о НИР 
610 1 |a линии электропередачи 
610 1 |a переменный ток 
610 1 |a электроэнергетические системы 
610 1 |a режимы работы 
610 1 |a устройства 
610 1 |a параметры 
610 1 |a программированное управление 
610 1 |a Сибирь 
610 1 |a сетевые мощности 
610 1 |a математические модели 
675 |a 621.315.022(04)  |v 3 
702 1 |a Борисов  |b Р. И.  |4 673 
712 0 2 |a Томский политехнический институт (ТПИ)  |c (1944-1991)  |2 stltpush  |3 (RuTPU)RU\TPU\col\1123  |4 595 
801 1 |a RU  |b 63413507  |c 20091026 
801 2 |a RU  |b 63413507  |c 20100304  |g RCR 
942 |c BK